| 000 | 00878nam a2200253 c 4500 | ||
|---|---|---|---|
| 003 | BLK | ||
| 005 | 20190913121247.0 | ||
| 008 | 180911b bul|||||r ||||||| ||bul|| | ||
| 010 | _a003372 | ||
| 040 | _aBLK | ||
| 041 | _aDEU | ||
| 080 | _z881(091) | ||
| 100 | 1 |
_aMATL, Josef _eпърви автор |
|
| 245 | 0 | 0 | _aRomantik und realismus in den sudslawischen Literaturen des 19. Jahrhunderts |
| 260 |
_aPrag _bI. Sjesd slovenskych folologu v Praze 1929 _c1931 _fStatni tiskarna |
||
| 300 |
_a15 с _c24 см |
||
| 380 | _a82 | ||
| 490 |
_aЧастна колекция - Академик Михаил Арнаудов _gДарение - Основен фонд |
||
| 501 | _aExtr. Sbornik Praci I. Sjesd slovenskych folologu v Praze : 1929. - Sv. II. | ||
| 655 | _aЛитературознание | ||
| 700 | 1 | _aJosef Matl | |
| 852 | _aМА 4118 | ||
| 942 |
_cKNG _n0 |
||
| 944 |
_aCR _c1994 |
||
| 999 |
_c343711 _d343711 |
||